000 03150nkm0a2200493 4500
001 RU\NLR\BIBL_A\016348066
005 20260409065229.0
035 _a(NLR Aleph) 016348066
090 _a13537988
_c13537988
100 _a20230418d1915 u y0rusy50 ca
101 0 _arus
102 _aRU
116 _aiiycxx bf ad
135 _acrcn 024anaba
181 0 _ab4
_bxb2e
182 0 _an
200 1 _aРусской армии артисты Москвы
_eс 18-го января мы начинаем сбор табаку для нашей доблестной армии. За пожертвованиями будем приезжать на квартиры. Кроме того на масленице для усиления сбора мы устроим разнообразные концерты. Посетите их! Москвичи, откликнитесь на наш призыв! Артисты Москвы.
_e[плакат]
203 _aИзображение
_bнеподвижное
_bдвухмерное
_bвизуальное
_cнепосредственное
210 _aМосква
_cт-во А. А. Левенсон
_d1915
215 _a1 л.
_cхромолитогр.
_d57,6х39,9
300 _aНа изобр. слева внизу факс. подписи художника: "Н. Андреев" и цифры: "1914"
300 _aЦенз. разрешение: Разреш. печатать и вывеш. 13 января 1915 г. За моск. градонач. помощн. его Заккит
316 _aЭкз. РНБ на шифре Э Р.Рус/Во-2, Эаф10360: реставрирован, дублирован
_5NLR: Э Р.Рус/Во-2
325 _aКопия доступна в Электрон. б-ке РНБ
327 0 _aТеатральная трагическая маска на фоне военной арматуры
606 1 _aПлакат русский
_z1900 - 1930
_92279218
_3RU\NLR\AUTH\6601594022
606 _aПервая мировая война
_z1914 - 1918
_jПлакаты
_3RU\NLR\AUTH\6612978
_9910998
606 1 _aПожертвования
_jПлакаты
_91925870
_3RU\NLR\AUTH\66878952
606 _aМаски (театр.)
_jПлакаты
_3RU\NLR\AUTH\661394586
_92332237
610 0 _aПлакат зрелищный
686 _aЩ153(2Р=Рус)7-466
700 1 _7ca
_8rus
_aАндреев
_bН. А.
_cскульптор
_f1873-1932
_gНиколай Андреевич
_9248201
_3RU\NLR\AUTH\770248257
712 0 0 _4610
_aЛевенсон,
_gА. А.,
_hтипография
_cМосква
_3RU\NLR\AUTH\8810047281
_9594396
852 0 0 _aNLR
_bЭ
_jР.Рус/Во-2
_mЭаф10360
856 0 _uhttps://vivaldi.nlr.ru/la500001055/view
856 1 _uhttps://vivaldi.nlr.ru/la500001055/cover
856 2 _uhttps://vivaldi.nlr.ru/la500001055/text
942 _cVISUAL
980 _aNB
981 1 7 _a(17) Изографические материалы
_b(17) Плакаты